| 000 | 00565nam a2200205Ia 4500 | ||
|---|---|---|---|
| 005 | 20250508165539.0 | ||
| 008 | 008 250505s9999 xx 000 0 eng d | ||
| 020 | _a978-0-099-17331-1 | ||
| 037 | _aTextual | ||
| 040 |
_aFEDL _beng _cFEDL |
||
| 041 |
_aeng _2eng |
||
| 084 |
_a954, SEN _qFEDL |
||
| 100 | _aSen Amartya | ||
| 245 | 0 | _aCountry of first boys and other essays | |
| 260 |
_aNew Delhi, India _bOxford University Press _c2015 |
||
| 300 | _axviii, 276p. | ||
| 365 |
_aINR _b550 |
||
| 942 |
_cTEXL _h954, SEN |
||
| 999 |
_c1395786 _d1395786 |
||